Nghiên cứu chế tạo than hoạt tính từ vỏ sắn và ứng dụng làm vật liệu hấp phụ một số hợp chất hữu cơ
Điều chế than hoạt tính từ vỏ sắn. Đánh giá ảnh hưởng của nhiệt độ và thời gian nung đến hiệu suất tạo than và khả năng hấp phụ của THT thu được. Khảo sát đặc tính vật lý của than hoạt tính điều chế. Ứng dụng than hoạt tính điều chế làm vật liệu hấp phụ một số hợp chất hữu cơ. So sánh khả năng hấp p...
Đã lưu trong:
| 主要作者: | |
|---|---|
| 其他作者: | |
| 格式: | 圖書 |
| 出版: |
Đà Nẵng
Đại học Sư phạm, Đại học Đà Nẵng
2012
|
| 主題: | |
| 標簽: |
添加標簽
沒有標簽, 成為第一個標記此記錄!
|
| Thư viện lưu trữ: | Mạng thư viện Đại học Đà Nẵng |
|---|
| LEADER | 02157nam a2200337 4500 | ||
|---|---|---|---|
| 001 | 000017550 | ||
| 003 | 13969 | ||
| 005 | 20130510100502.0 | ||
| 008 | 130424s2012 sd | ||
| 082 | |a 664.2308 |b NG-M | ||
| 100 | 1 | |a Nguyễn Thị Diễm My | |
| 245 | |a Nghiên cứu chế tạo than hoạt tính từ vỏ sắn và ứng dụng làm vật liệu hấp phụ một số hợp chất hữu cơ |c Nguyễn Thị Diễm My ; Lê Tự Hải hướng dẫn |k Khóa luận tốt nghiệp | ||
| 260 | |a Đà Nẵng |b Đại học Sư phạm, Đại học Đà Nẵng |c 2012 | ||
| 300 | |a 55 tr. |b Hình mh. |c 29 cm. |e Đĩa CD, bản tóm tắt | ||
| 500 | |a Khóa luận tốt nghiệp đại học. Chuyên ngành: Cử nhân Phân tích - Môi trường | ||
| 504 | |a Mục lục đầu trang, tài liệu tham khảo tr. 73 - 74, phụ lục [13 tr.] | ||
| 520 | |a Điều chế than hoạt tính từ vỏ sắn. Đánh giá ảnh hưởng của nhiệt độ và thời gian nung đến hiệu suất tạo than và khả năng hấp phụ của THT thu được. Khảo sát đặc tính vật lý của than hoạt tính điều chế. Ứng dụng than hoạt tính điều chế làm vật liệu hấp phụ một số hợp chất hữu cơ. So sánh khả năng hấp phụ của than hoạt tính điều chế và than hoạt tính TM. | ||
| 600 | 1 | 4 | |b Vua |c Đinh Tiên Hoàng |
| 650 | 0 | 4 | |a Vỏ sắn |a Than hoạt tính |v Khóa luận tốt nghiệp |x Vật liệu hấp phụ |x Nghiên cứu chế tạo |x Ứng dụng |
| 653 | |a Khoa Hóa học |a Hợp chất hữu cơ |a Vỏ sắn |a Than hoạt tính | ||
| 700 | |a Lê Tự Hải |c PGS.TS |e Hướng dẫn | ||
| OWN | |a LSP | ||
| AVA | |a UDN50 |b LSP |d 664.2308 NG-M |e available |t Error 5001 Not defined in file expand_doc_bib_avail. |f 1 |g 0 |h N |i 0 |k 1 | ||
| 999 | |a From the UDN01 | ||
| AVA | |a UDN50 |b LSP |d 664.2308 NG-M |e available |t Error 5001 Not defined in file expand_doc_bib_avail. |f 1 |g 0 |h N |i 0 |k 1 | ||
| TYP | |a Monograph | ||
| TYP | |a Printed language | ||
| 980 | |a Mạng thư viện Đại học Đà Nẵng | ||